[Event "DSM WK M 2015"]
[Site "Karlsruhe GER"]
[Date "2015.05.09"]
[Round "5"]
[White "Damrich, Alina"]
[Black "Brunkardt, Elena"]
[Result "1/2-1/2"]
[Termination "normal"]
[Board "2.2"]
[WhiteElo "1470"]
[BlackElo "1474"]
[WhiteTeam "Maria-Ward-Schule Aschaffenburg"]
[BlackTeam "Deutschorden-Gymnasium Bad Mergentheim"]
[PlyCount "63"]
[WhiteFideId "12964603"]
[BlackFideId "16208838"]
[EventCountry "GER"]
[EventRounds "7"]
[EventType "team-swiss"]
[EventDate "2015.05.07"]

1. e4 d5 2. exd5 Qxd5 3. Nc3 Qd6 4. Nf3 Nf6 5. Bc4 c6 6. h3 Bf5 7. d3 e6 8. Bd2
Nbd7 9. Qe2 Qc7 10. O-O-O Bd6 11. Rhe1 O-O-O 12. Ne4 Bxe4 13. dxe4 Bf4 14. Kb1
Bxd2 15. Rxd2 Ne5 16. Red1 Rxd2 17. Rxd2 Nxf3 18. Qxf3 Rd8 19. Rxd8+ Qxd8 20.
a3 Qd4 21. Bd3 Kd7 22. g4 Ke7 23. Qf4 h6 24. Qc7+ Qd7 25. Qxd7+ Nxd7 26. f4 e5
27. f5 b5 28. b4 Nb6 29. Kb2 Na4+ 30. Kb3 a6 31. c4 f6 32. h4 1/2-1/2

[Event "DSM WK M 2015"]
[Site "Karlsruhe GER"]
[Date "2015.05.09"]
[Round "5"]
[White "Youness, Fatima"]
[Black "Hock, Anna-Maria"]
[Result "1-0"]
[Termination "normal"]
[Board "2.3"]
[WhiteElo "1369"]
[BlackElo "1380"]
[WhiteTeam "Deutschorden-Gymnasium Bad Mergentheim"]
[BlackTeam "Maria-Ward-Schule Aschaffenburg"]
[PlyCount "133"]
[WhiteFideId "16214404"]
[BlackFideId "12942880"]
[EventCountry "GER"]
[EventRounds "7"]
[EventType "team-swiss"]
[EventDate "2015.05.07"]

1. e4 e5 2. Nf3 Nc6 3. d4 exd4 4. Nxd4 Bc5 5. Be3 Nxd4 6. Bxd4 Bb6 7. Bxg7 Qh4
8. Qf3 Nf6 9. Bxf6 Qh6 10. Bxh8 Qc1+ 11. Ke2 Qxc2+ 12. Nd2 Ba5 13. Bc3 Qa4 14.
Bxa5 Qxa5 15. Ke1 d6 16. Bc4 Be6 17. Bxe6 fxe6 18. Qh3 O-O-O 19. Qxe6+ Kb8 20.
Ke2 Qb5+ 21. Nc4 d5 22. exd5 Re8 23. Qxe8+ Qxe8+ 24. Kd2 Qf7 25. f3 Qxd5+ 26.
Kc3 Qc6 27. Rhe1 b5 28. Re4 bxc4 29. Rxc4 Qf6+ 30. Kb3 Qg5 31. g3 Qh5 32. f4
Qxh2 33. Rc3 Qf2 34. Rac1 Qb6+ 35. Kc2 Qg6+ 36. Rd3 Qc6+ 37. Kb1 Qg6 38. Rcc3
h6 39. Ka1 Qe8 40. a3 Qe1+ 41. Ka2 Qe6+ 42. Rb3+ Kc8 43. Re3 Qf7 44. Re5 Qc4
45. Re8+ Kd7 46. Rh8 a5 47. a4 Qxa4+ 48. Ra3 Qc4+ 49. Kb1 Qe4+ 50. Ka1 Qe1+ 51.
Ka2 Qe6+ 52. Kb1 Qe1+ 53. Kc2 Qe4+ 54. Rd3+ Ke7 55. Rhd8 Qe2+ 56. Rd2 Qc4+ 57.
Kb1 Qe4+ 58. Ka2 Qa4+ 59. Kb1 Qe4+ 60. Kc1 Qc4+ 61. Rc2 Qxc2+ 62. Kxc2 Kxd8 63.
Kb3 Ke7 64. Ka4 Kf6 65. Kxa5 Kf5 66. Kb5 h5 67. Kc6 1-0

[Event "DSM WK M 2015"]
[Site "Karlsruhe GER"]
[Date "2015.05.09"]
[Round "5"]
[White "Gentil, Verena"]
[Black "Weiß, Nadine"]
[Result "0-1"]
[Termination "normal"]
[Board "2.4"]
[WhiteElo "935"]
[BlackElo "1061"]
[WhiteTeam "Maria-Ward-Schule Aschaffenburg"]
[BlackTeam "Deutschorden-Gymnasium Bad Mergentheim"]
[PlyCount "70"]
[WhiteFideId "12964611"]
[EventCountry "GER"]
[EventRounds "7"]
[EventType "team-swiss"]
[EventDate "2015.05.07"]

1. e4 d6 2. Bc4 Nf6 3. Nc3 g6 4. d3 Bg7 5. Nf3 O-O 6. O-O e5 7. Bg5 Qd7 8. Qd2
c6 9. Bb3 a5 10. Rfd1 Qc7 11. Bh6 Bg4 12. Bxg7 Kxg7 13. Qe3 b5 14. a4 b4 15.
Na2 d5 16. c3 Nbd7 17. exd5 cxd5 18. cxb4 e4 19. dxe4 dxe4 20. Rdc1 Qd6 21. Qd4
Qf4 22. Bd1 Rac8 23. bxa5 Ra8 24. Nc3 Rfc8 25. Nd2 Bf5 26. Ndxe4 Bxe4 27. Nxe4
Rxc1 28. Rxc1 Qxc1 29. g3 Rxa5 30. b3 Rd5 31. Qe3 Qxe3 32. fxe3 Rxd1+ 33. Kg2
Nxe4 34. a5 Ra1 35. b4 Ra4 0-1

[Event "DSM WK M 2015"]
[Site "Karlsruhe GER"]
[Date "2015.05.09"]
[Round "5"]
[White "Kublanov, Carolin"]
[Black "Caliebe, Nanke"]
[Result "1-0"]
[Termination "normal"]
[Board "3.1"]
[WhiteElo "1408"]
[BlackElo "1360"]
[WhiteTeam "Humboldt-Gymnasium Düsseldorf"]
[BlackTeam "Gymnasium Altenholz"]
[PlyCount "85"]
[WhiteFideId "12944548"]
[BlackFideId "12980528"]
[EventCountry "GER"]
[EventRounds "7"]
[EventType "team-swiss"]
[EventDate "2015.05.07"]

1. d4 d5 2. Nf3 c6 3. e3 Nf6 4. b3 Bg4 5. Be2 Nbd7 6. O-O e6 7. Bb2 Bd6 8. Ne5
Bxe2 9. Qxe2 Qc7 10. f4 O-O 11. Nd2 c5 12. Qd3 cxd4 13. exd4 Rac8 14. Rac1 Qb6
15. Kh1 Qa5 16. a4 Bb4 17. c3 Be7 18. Rf3 Nxe5 19. dxe5 Nd7 20. Rh3 g6 21. Rh6
Rfe8 22. Qh3 Nf8 23. g4 f6 24. f5 exf5 25. gxf5 fxe5 26. fxg6 hxg6 27. Rh8+ Kg7
28. Rf1 Bg5 29. Nf3 Bf4 30. c4 d4 31. Nxd4 exd4 32. Bxd4+ Kf7 33. Rxf4+ Ke7 34.
Bf6+ Kd6 35. Rd4+ Kc7 36. Qg3+ Kb6 37. Qd6+ Rc6 38. Bd8+ Rxd8 39. Qxd8+ Ka6 40.
Qxa5+ Kxa5 41. Rxf8 Kb4 42. Rd3 Re6 43. Rg8 1-0

[Event "DSM WK M 2015"]
[Site "Karlsruhe GER"]
[Date "2015.05.09"]
[Round "5"]
[White "König, Isabel"]
[Black "Kublanov, Elizabeth"]
[Result "0-1"]
[Termination "normal"]
[Board "3.2"]
[WhiteElo "1073"]
[BlackElo "1523"]
[WhiteTeam "Gymnasium Altenholz"]
[BlackTeam "Humboldt-Gymnasium Düsseldorf"]
[PlyCount "64"]
[WhiteFideId "16210000"]
[BlackFideId "12944564"]
[EventCountry "GER"]
[EventRounds "7"]
[EventType "team-swiss"]
[EventDate "2015.05.07"]

1. d4 d5 2. c4 e6 3. Nf3 c5 4. cxd5 exd5 5. Nc3 Nf6 6. Bg5 cxd4 7. Nxd4 Be7 8.
e3 O-O 9. Bd3 h6 10. Bh4 Nc6 11. Nf3 Bg4 12. h3 Bh5 13. g4 Bg6 14. Rg1 Ne4 15.
Qc2 Bxh4 16. Bxe4 dxe4 17. Nxe4 Re8 18. Nfd2 Qa5 19. Kf1 Qb5+ 20. Kg2 Qd5 21.
f3 Qe5 22. Nc4 Bxe4 23. Nxe5 Bxc2 24. Nxc6 bxc6 25. Rac1 Ba4 26. b3 Bb5 27. a4
Be2 28. e4 Rac8 29. Rc2 Bd3 30. Rc3 Be2 31. Rgc1 Re6 32. Re3 Bg5 0-1

[Event "DSM WK M 2015"]
[Site "Karlsruhe GER"]
[Date "2015.05.09"]
[Round "5"]
[White "Berelowitsch, Dana"]
[Black "Caliebe, Frauke"]
[Result "1-0"]
[Termination "normal"]
[Board "3.3"]
[WhiteElo "1473"]
[BlackElo "969"]
[WhiteTeam "Humboldt-Gymnasium Düsseldorf"]
[BlackTeam "Gymnasium Altenholz"]
[PlyCount "69"]
[WhiteFideId "12977144"]
[EventCountry "GER"]
[EventRounds "7"]
[EventType "team-swiss"]
[EventDate "2015.05.07"]

1. e4 c5 2. Nf3 e6 3. Nc3 d6 4. Bb5+ Nd7 5. O-O Be7 6. d3 a6 7. Ba4 b5 8. Bb3
Ngf6 9. Bg5 O-O 10. Qe2 Bb7 11. Nd2 Ne5 12. f4 Ned7 13. Qf3 Qb6 14. Kh1 a5 15.
a3 a4 16. Ba2 b4 17. Ne2 Rfe8 18. Qg3 Nh5 19. Qh4 Bxg5 20. Qxg5 Nhf6 21. Rf3
Rac8 22. Rg3 g6 23. Nc4 Qa6 24. e5 Nd5 25. Nxd6 Red8 26. Nxc8 Rxc8 27. Rf1 N7b6
28. f5 exf5 29. Qxf5 Rc7 30. Bxd5 Bxd5 31. Nf4 bxa3 32. bxa3 c4 33. Qf6 Qb7 34.
Nh5 Kf8 35. Qd8# 1-0

[Event "DSM WK M 2015"]
[Site "Karlsruhe GER"]
[Date "2015.05.09"]
[Round "5"]
[White "Morsch, Rebecca"]
[Black "Zhuk, Margarita"]
[Result "0-1"]
[Termination "normal"]
[Board "3.4"]
[WhiteElo "800"]
[BlackElo "800"]
[WhiteTeam "Gymnasium Altenholz"]
[BlackTeam "Humboldt-Gymnasium Düsseldorf"]
[PlyCount "68"]
[EventCountry "GER"]
[EventRounds "7"]
[EventType "team-swiss"]
[EventDate "2015.05.07"]

1. e4 e5 2. Nf3 Nf6 3. Nc3 Bb4 4. Bc4 Nc6 5. d3 d5 6. exd5 Nxd5 7. Bd2 Nf4 8.
O-O Bg4 9. a3 Ba5 10. b4 Bb6 11. Bxf4 exf4 12. Nd5 O-O 13. Nxb6 axb6 14. Re1
Nd4 15. Re4 Nxf3+ 16. gxf3 Bh3 17. Rxf4 Qg5+ 18. Rg4 Bxg4 19. fxg4 b5 20. Bb3
Rfe8 21. Qf3 Qf6 22. Qxb7 Qxa1+ 23. Kg2 Rxa3 24. Qc6 Qe5 25. Qd7 Rxb3 26. cxb3
Qe7 27. Qxb5 h6 28. h3 Rd8 29. Qc4 Qe6 30. Qxc7 Rxd3 31. Qf4 Qxb3 32. Qb8+ Kh7
33. Qb5 Rd5 34. Qxd5 Qxd5+ 0-1

[Event "DSM WK M 2015"]
[Site "Karlsruhe GER"]
[Date "2015.05.09"]
[Round "5"]
[White "Hofmann, Imke"]
[Black "Bykov, Ilona"]
[Result "1-0"]
[Termination "normal"]
[Board "4.1"]
[WhiteElo "1253"]
[BlackElo "1363"]
[WhiteTeam "Konrad-Duden-Schule Bad Hersfeld"]
[BlackTeam "Kant-Gymnasium Karlsruhe"]
[PlyCount "41"]
[BlackFideId "12964433"]
[EventCountry "GER"]
[EventRounds "7"]
[EventType "team-swiss"]
[EventDate "2015.05.07"]

1. e4 e5 2. Nf3 Nc6 3. Bc4 Bc5 4. c3 Nf6 5. d4 exd4 6. cxd4 Bb4+ 7. Nc3 Nxe4 8.
O-O Bxc3 9. d5 Bf6 10. Re1 O-O 11. Rxe4 Na5 12. Bd3 d6 13. Re3 Re8 14. Qe1 Rxe3
15. Qxe3 b6 16. Bd2 Bxb2 17. Re1 Bg4 18. Qe4 f5 19. Qe6+ Kf8 20. Ng5 g6 21.
Qf7# 1-0

[Event "DSM WK M 2015"]
[Site "Karlsruhe GER"]
[Date "2015.05.09"]
[Round "5"]
[White "Ignatova, Nadja"]
[Black "Bolender, Luisa"]
[Result "1/2-1/2"]
[Termination "normal"]
[Board "4.2"]
[WhiteElo "1180"]
[BlackElo "1167"]
[WhiteTeam "Kant-Gymnasium Karlsruhe"]
[BlackTeam "Konrad-Duden-Schule Bad Hersfeld"]
[PlyCount "60"]
[BlackFideId "12996483"]
[EventCountry "GER"]
[EventRounds "7"]
[EventType "team-swiss"]
[EventDate "2015.05.07"]

1. e4 e5 2. Nf3 Nc6 3. Bc4 Bc5 4. Nc3 d6 5. O-O Bg4 6. d3 Nd4 7. Kh1 Nxf3 8.
gxf3 Bh3 9. Rg1 g6 10. Bg5 f6 11. Be3 g5 12. f4 Bxe3 13. fxe3 Kd7 14. f5 Kc8
15. Qh5 g4 16. Qf7 h5 17. a4 c6 18. a5 a6 19. b4 Qe7 20. Be6+ Kc7 21. Qxe7+
Nxe7 22. d4 Rad8 23. d5 Rh7 24. Na4 cxd5 25. Bxd5 Nxd5 26. exd5 Rg7 27. e4 h4
28. Ra3 Rdg8 29. Rc3+ Kb8 30. Nb6 Rc7 1/2-1/2

[Event "DSM WK M 2015"]
[Site "Karlsruhe GER"]
[Date "2015.05.09"]
[Round "5"]
[White "Schäfer, Jessica"]
[Black "Vu, Minh Anh"]
[Result "1-0"]
[Termination "normal"]
[Board "4.3"]
[WhiteElo "1091"]
[BlackElo "800"]
[WhiteTeam "Konrad-Duden-Schule Bad Hersfeld"]
[BlackTeam "Kant-Gymnasium Karlsruhe"]
[PlyCount "49"]
[WhiteFideId "12996491"]
[BlackFideId "16235304"]
[EventCountry "GER"]
[EventRounds "7"]
[EventType "team-swiss"]
[EventDate "2015.05.07"]

1. e4 e5 2. Nf3 Nc6 3. Bc4 Nf6 4. Ng5 d5 5. exd5 Na5 6. Bb5+ Bd7 7. Bxd7+ Qxd7
8. Nc3 Bc5 9. O-O Ng4 10. Qe2 Qd6 11. Qxg4 e4 12. Qxe4+ Kf8 13. Re1 Qf6 14. Nf3
g5 15. d4 Bb6 16. Bxg5 Qxd4 17. Nxd4 Rg8 18. Bh6+ Rg7 19. Bxg7+ Kxg7 20. Qe5+
f6 21. Ne6+ Kf7 22. Qh5+ Ke7 23. Nxc7+ Kd7 24. Qf7+ Kd6 25. Qe7# 1-0

[Event "DSM WK M 2015"]
[Site "Karlsruhe GER"]
[Date "2015.05.09"]
[Round "5"]
[White "Grining, Maria"]
[Black "Nguyen, Mai Chi"]
[Result "1-0"]
[Termination "normal"]
[Board "4.4"]
[WhiteElo "800"]
[BlackElo "800"]
[WhiteTeam "Kant-Gymnasium Karlsruhe"]
[BlackTeam "Konrad-Duden-Schule Bad Hersfeld"]
[PlyCount "87"]
[WhiteFideId "16235037"]
[EventCountry "GER"]
[EventRounds "7"]
[EventType "team-swiss"]
[EventDate "2015.05.07"]

1. e4 e5 2. Nf3 Nc6 3. Nc3 Nf6 4. Be2 Bb4 5. a3 Bxc3 6. dxc3 Nxe4 7. O-O Nf6 8.
Bb5 d6 9. Re1 Bd7 10. Bc4 O-O 11. h3 a6 12. b4 Bf5 13. b5 axb5 14. Bxb5 Ne4 15.
Bb2 Qf6 16. Bd3 Qg6 17. Nh4 Qg5 18. Nxf5 Qxf5 19. Bxe4 Qf6 20. Bxc6 bxc6 21. c4
Rab8 22. Bc3 Qe6 23. c5 d5 24. Bxe5 Rfe8 25. Bxc7 Qc8 26. Bxb8 Qxb8 27. Rxe8+
Qxe8 28. a4 h6 29. a5 Qa8 30. a6 Qa7 31. Qe1 Qa8 32. a7 d4 33. Qd1 d3 34. cxd3
g6 35. d4 Kg7 36. d5 cxd5 37. Qc1 d4 38. c6 Qxa7 39. Rxa7 d3 40. c7 d2 41. Qxd2
Kh7 42. c8=Q Kg7 43. Qd4+ Kh7 44. Rxf7# 1-0

[Event "DSM WK M 2015"]
[Site "Karlsruhe GER"]
[Date "2015.05.09"]
[Round "5"]
[White "Kümmel, Tina"]
[Black "Möller, Hannah"]
[Result "1/2-1/2"]
[Termination "normal"]
[Board "5.1"]
[WhiteElo "1381"]
[BlackElo "1485"]
[WhiteTeam "Ludwigsgymnasium Köthen"]
[BlackTeam "Franziskusgymnasium Lingen"]
[PlyCount "37"]
[WhiteFideId "12979368"]
[BlackFideId "1270514"]
[EventCountry "GER"]
[EventRounds "7"]
[EventType "team-swiss"]
[EventDate "2015.05.07"]

1. Nf3 Nf6 2. g3 g6 3. Bg2 Bg7 4. O-O O-O 5. d3 d6 6. Nbd2 Nbd7 7. e4 c5 8. c3
Rb8 9. Qc2 b5 10. Re1 Bb7 11. Nf1 Qc7 12. Ne3 a5 13. Bd2 Rfc8 14. Rac1 c4 15.
Nd4 Qc5 16. Ne2 cxd3 17. Qxd3 Ne5 18. Qc2 a4 19. Nd4 1/2-1/2

[Event "DSM WK M 2015"]
[Site "Karlsruhe GER"]
[Date "2015.05.09"]
[Round "5"]
[White "Schäfer, Leonie"]
[Black "Wesselly, Luisa"]
[Result "1/2-1/2"]
[Termination "normal"]
[Board "5.2"]
[WhiteElo "792"]
[BlackElo "1032"]
[WhiteTeam "Franziskusgymnasium Lingen"]
[BlackTeam "Ludwigsgymnasium Köthen"]
[PlyCount "93"]
[WhiteFideId "16241851"]
[BlackFideId "16217187"]
[EventCountry "GER"]
[EventRounds "7"]
[EventType "team-swiss"]
[EventDate "2015.05.07"]

1. c4 e5 2. Nc3 Nf6 3. e3 Bc5 4. Nge2 d6 5. h3 Be6 6. b3 Nc6 7. g3 O-O 8. Bg2
Qd7 9. d3 Bb4 10. a3 Bxc3+ 11. Nxc3 d5 12. cxd5 Nxd5 13. Bb2 Nxc3 14. Bxc3 Bd5
15. Bxd5 Qxd5 16. e4 Qc5 17. Bb4 Nxb4 18. axb4 Qxb4+ 19. Kf1 Rad8 20. Ra4 Qd6
21. Ke2 Rd7 22. Rc4 Rfd8 23. Rc3 Qa6 24. Qc2 Qb6 25. Rc1 c6 26. f3 a5 27. Rb1
Rd4 28. Kd2 Rb4 29. f4 Qf2+ 30. Kc1 Qe3+ 31. Kb2 a4 32. Rd1 axb3 33. Rxb3 Rxb3+
34. Qxb3 Qe2+ 35. Kc3 exf4 36. gxf4 b5 37. Rd2 Qh5 38. Qa3 f6 39. f5 Qe8 40.
Qb3+ Qf7 41. Qxf7+ Kxf7 42. Ra2 c5 43. Ra7+ Ke8 44. Rc7 b4+ 45. Kd2 b3 46. Rxc5
b2 47. Rb5 1/2-1/2

[Event "DSM WK M 2015"]
[Site "Karlsruhe GER"]
[Date "2015.05.09"]
[Round "5"]
[White "Buchheim, Luise"]
[Black "Koopmann, Jasmin"]
[Result "1-0"]
[Termination "normal"]
[Board "5.3"]
[WhiteElo "1112"]
[BlackElo "800"]
[WhiteTeam "Ludwigsgymnasium Köthen"]
[BlackTeam "Franziskusgymnasium Lingen"]
[PlyCount "99"]
[WhiteFideId "16217179"]
[EventCountry "GER"]
[EventRounds "7"]
[EventType "team-swiss"]
[EventDate "2015.05.07"]

1. e4 d6 2. Nc3 Nf6 3. Bc4 Bg4 4. Be2 Qd7 5. h3 Bxe2 6. Qxe2 g6 7. Nf3 Bg7 8.
d3 Nc6 9. O-O O-O 10. a3 g5 11. Nxg5 h6 12. Nf3 Rad8 13. Rd1 Qe6 14. Rd2 h5 15.
Ng5 Bh6 16. Nxe6 fxe6 17. Rd1 Bg7 18. Bg5 Nd4 19. Qd2 Rde8 20. Ne2 Nb5 21. c4
a6 22. cxb5 axb5 23. Nd4 e5 24. Nxb5 c6 25. Nc7 Rc8 26. Ne6 Bh8 27. Nxf8 Rxf8
28. Bxf6 Bxf6 29. Rf1 c5 30. f4 b6 31. fxe5 Bxe5 32. Rxf8+ Kxf8 33. Rf1+ Bf6
34. b4 Ke8 35. bxc5 bxc5 36. a4 Bd4+ 37. Rf2 Bxf2+ 38. Kxf2 Kd7 39. g4 hxg4 40.
hxg4 e6 41. g5 Ke7 42. a5 Kf7 43. a6 Kg6 44. a7 e5 45. a8=Q d5 46. Kg3 dxe4 47.
dxe4 Kh5 48. Qa6 c4 49. Qh2+ Kxg5 50. Qh4# 1-0

[Event "DSM WK M 2015"]
[Site "Karlsruhe GER"]
[Date "2015.05.09"]
[Round "5"]
[White "Brüwer, Sophie"]
[Black "Buhle, Jasmin"]
[Result "0-1"]
[Termination "normal"]
[Board "5.4"]
[WhiteElo "800"]
[BlackElo "960"]
[WhiteTeam "Franziskusgymnasium Lingen"]
[BlackTeam "Ludwigsgymnasium Köthen"]
[PlyCount "92"]
[BlackFideId "16217195"]
[EventCountry "GER"]
[EventRounds "7"]
[EventType "team-swiss"]
[EventDate "2015.05.07"]

1. e4 e5 2. Nf3 Nc6 3. Nc3 Bc5 4. Bb5 Nf6 5. h3 O-O 6. d3 h6 7. Bd2 d6 8. O-O
Bd7 9. a3 a6 10. Nh2 axb5 11. Nxb5 Nh7 12. Bc3 Qg5 13. Bd2 Qg6 14. Qe2 Bxh3 15.
Qf3 Be6 16. Nxc7 Rac8 17. Nxe6 fxe6 18. Qh3 Nd4 19. Rae1 Nxc2 20. Rc1 Nd4 21.
Rfe1 Nb3 22. Rcd1 Bxf2+ 23. Kf1 Bxe1+ 24. Kxe1 Nxd2 25. Rxd2 Rc1+ 26. Rd1 Rxd1+
27. Kxd1 Qf7 28. g3 Ng5 29. Qg2 Nf3 30. Nxf3 Qxf3+ 31. Qxf3 Rxf3 32. Ke2 Rxg3
33. b4 h5 34. Kf2 Rg6 35. a4 h4 36. a5 h3 37. b5 h2 38. a6 bxa6 39. bxa6 h1=Q
40. a7 Qa1 41. a8=Q+ Qxa8 42. Ke3 Qa7+ 43. d4 Qxd4+ 44. Kf3 Qc3+ 45. Ke2 Rg2+
46. Kd1 Qd2# 0-1

[Event "DSM WK M 2015"]
[Site "Karlsruhe GER"]
[Date "2015.05.09"]
[Round "5"]
[White "Alcer, Johanna"]
[Black "Dorendorf, Lena"]
[Result "0-1"]
[Termination "normal"]
[Board "6.1"]
[WhiteElo "1180"]
[BlackElo "1125"]
[WhiteTeam "Käthe-Kollwitz-Gymnasium Berlin"]
[BlackTeam "Gymnasium Gadebusch"]
[PlyCount "48"]
[WhiteFideId "12964450"]
[BlackFideId "12983373"]
[EventCountry "GER"]
[EventRounds "7"]
[EventType "team-swiss"]
[EventDate "2015.05.07"]

1. e4 e5 2. Nf3 Nc6 3. Bc4 Nf6 4. d3 Bc5 5. O-O d6 6. c3 h6 7. b4 Bb6 8. Nbd2
Bg4 9. Re1 Qd7 10. Nf1 O-O 11. Be3 Rfe8 12. a4 a6 13. h3 Bh5 14. Ng3 Bg6 15.
Nh4 Ne7 16. Qb3 Rf8 17. Rad1 Qc8 18. d4 Nxe4 19. Nxe4 Bxe4 20. Bxh6 Bxg2 21.
Bxg7 Qxh3 22. Nxg2 Kxg7 23. dxe5 Rh8 24. Kf1 Qf3 0-1

[Event "DSM WK M 2015"]
[Site "Karlsruhe GER"]
[Date "2015.05.09"]
[Round "5"]
[White "Lübbert, Charline"]
[Black "Traktmann, Daniela"]
[Result "1-0"]
[Termination "normal"]
[Board "6.2"]
[WhiteElo "1228"]
[BlackElo "973"]
[WhiteTeam "Gymnasium Gadebusch"]
[BlackTeam "Käthe-Kollwitz-Gymnasium Berlin"]
[PlyCount "67"]
[WhiteFideId "12983381"]
[EventCountry "GER"]
[EventRounds "7"]
[EventType "team-swiss"]
[EventDate "2015.05.07"]

1. e4 b6 2. Nc3 Bb7 3. d4 e6 4. Nf3 Nf6 5. Bd3 Bb4 6. Qe2 O-O 7. Bd2 Nc6 8. O-O
d5 9. e5 Nd7 10. Ng5 h6 11. Qh5 f5 12. Nxe6 Qe7 13. Nxf8 Qxf8 14. Qxf5 Qxf5 15.
Bxf5 Nf8 16. a3 Be7 17. Be3 Ba6 18. Rfe1 Bh4 19. Rad1 Ne7 20. Bh3 Nfg6 21. g3
Bg5 22. Bxg5 hxg5 23. Bg2 Rf8 24. Nxd5 Nxd5 25. Bxd5+ Kh8 26. Bc6 Ne7 27. Be4
g4 28. d5 Nc8 29. d6 cxd6 30. exd6 Rd8 31. d7 Ne7 32. Bg6 Nxg6 33. Re8+ Rxe8
34. dxe8=Q+ 1-0

[Event "DSM WK M 2015"]
[Site "Karlsruhe GER"]
[Date "2015.05.09"]
[Round "5"]
[White "Ludwig, Lea"]
[Black "Albrecht, Marie"]
[Result "0-1"]
[Termination "normal"]
[Board "6.3"]
[WhiteElo "800"]
[BlackElo "991"]
[WhiteTeam "Käthe-Kollwitz-Gymnasium Berlin"]
[BlackTeam "Gymnasium Gadebusch"]
[PlyCount "72"]
[WhiteFideId "16217381"]
[BlackFideId "12983390"]
[EventCountry "GER"]
[EventRounds "7"]
[EventType "team-swiss"]
[EventDate "2015.05.07"]

1. d4 d5 2. Nf3 Nf6 3. e3 e6 4. Nbd2 Bb4 5. c3 Bd6 6. Bd3 O-O 7. e4 Re8 8. e5
Ng4 9. O-O Be7 10. h3 Nh6 11. Re1 Bh4 12. Nxh4 Qxh4 13. Nf3 Qd8 14. Bxh6 gxh6
15. Nh2 f6 16. Qf3 Nc6 17. Qg3+ Kh8 18. Bc2 Rg8 19. Qd3 f5 20. Nf3 Qe7 21. g3
Qf7 22. Nh4 Qh5 23. Kh2 Ne7 24. Bd1 Qg5 25. Nf3 Qh5 26. Nd2 Qf7 27. c4 Bd7 28.
b3 Rg5 29. h4 Rg6 30. Bh5 Rag8 31. Bxg6 Nxg6 32. cxd5 f4 33. gxf4 Qxf4+ 34. Kg2
Nxh4+ 35. Kf1 Rg2 36. dxe6 Qxf2# 0-1

[Event "DSM WK M 2015"]
[Site "Karlsruhe GER"]
[Date "2015.05.09"]
[Round "5"]
[White "Shevchenko, Alyona"]
[Black "Becker, Nina"]
[Result "0-1"]
[Termination "normal"]
[Board "7.1"]
[WhiteElo "941"]
[BlackElo "1102"]
[WhiteTeam "Goethe-Gymnasium Karlsruhe"]
[BlackTeam "Warndt-Gymnasium Völklingen"]
[PlyCount "88"]
[WhiteFideId "12983420"]
[EventCountry "GER"]
[EventRounds "7"]
[EventType "team-swiss"]
[EventDate "2015.05.07"]

1. e4 e5 2. Nf3 Nc6 3. Bc4 Nf6 4. Ng5 d5 5. exd5 Na5 6. Bb5+ Bd7 7. Bxd7+ Qxd7
8. Nc3 Nxd5 9. Nxd5 Qxd5 10. Qf3 Qxf3 11. Nxf3 Nc6 12. O-O O-O-O 13. Ng5 Rd7
14. Re1 f6 15. Nf3 g5 16. d3 h5 17. h3 g4 18. hxg4 hxg4 19. Nh2 Rdh7 20. f3 g3
21. Kf1 Nd4 22. Re4 Rxh2 23. Ke1 Rxg2 24. Kd1 Nxc2 25. Bd2 Nxa1 26. Re2 Rh1+
27. Re1 Rgh2 28. Rxh1 Rxh1+ 29. Ke2 g2 30. Be3 g1=Q 31. Bxg1 Rxg1 32. Kf2 Bc5+
33. Ke2 Rg2+ 34. Kf1 Rxb2 35. Ke1 Kd7 36. Kd1 Kd6 37. Kc1 Ba3 38. Kd1 Kd5 39.
Ke1 Kd4 40. Kf1 Ke3 41. Kg1 Kxf3 42. d4 exd4 43. Kh1 Kg3 44. Kg1 Rb1# 0-1

[Event "DSM WK M 2015"]
[Site "Karlsruhe GER"]
[Date "2015.05.09"]
[Round "5"]
[White "Bohdjalian, Roxanne"]
[Black "Platonova, Elisaveta"]
[Result "1/2-1/2"]
[Termination "normal"]
[Board "7.2"]
[WhiteElo "1117"]
[BlackElo "911"]
[WhiteTeam "Warndt-Gymnasium Völklingen"]
[BlackTeam "Goethe-Gymnasium Karlsruhe"]
[PlyCount "51"]
[WhiteFideId "12937789"]
[BlackFideId "16200349"]
[EventCountry "GER"]
[EventRounds "7"]
[EventType "team-swiss"]
[EventDate "2015.05.07"]

1. e4 e5 2. d4 Nc6 3. dxe5 Nxe5 4. Qd4 d6 5. Bf4 Nc6 6. Qe3 Nf6 7. e5 Ng4 8.
Qe2 Ngxe5 9. Nc3 Be7 10. O-O-O O-O 11. Nf3 Nxf3 12. Qxf3 Bg5 13. Kb1 Bd7 14.
Bd3 Nb4 15. Be4 h6 16. h4 Bxh4 17. g3 Bg5 18. Bxg5 Qxg5 19. Rde1 Qg4 20. Qxg4
Bxg4 21. Rh4 Be6 22. Bxb7 Rae8 23. Rd1 Bd7 24. Rxb4 Rb8 25. Nd5 c6 26. Ne3
1/2-1/2

[Event "DSM WK M 2015"]
[Site "Karlsruhe GER"]
[Date "2015.05.09"]
[Round "5"]
[White "Kiefhaber, Marlene"]
[Black "Bohdjalian, Johanna"]
[Result "1-0"]
[Termination "normal"]
[Board "7.3"]
[WhiteElo "839"]
[BlackElo "800"]
[WhiteTeam "Goethe-Gymnasium Karlsruhe"]
[BlackTeam "Warndt-Gymnasium Völklingen"]
[PlyCount "99"]
[EventCountry "GER"]
[EventRounds "7"]
[EventType "team-swiss"]
[EventDate "2015.05.07"]

1. e4 e5 2. Nf3 Nc6 3. Nc3 Nf6 4. Bb5 a6 5. Ba4 b5 6. Bb3 Bc5 7. Bd5 O-O 8. O-O
h6 9. Bxc6 dxc6 10. d3 b4 11. Na4 a5 12. Nxc5 Qd6 13. Na4 Ba6 14. Be3 Bb5 15.
b3 Qe6 16. Bc5 Qg4 17. Bxf8 Rxf8 18. c4 Ba6 19. Nc5 Bc8 20. Nxe5 Qh4 21. Ncd7
Bxd7 22. Nxd7 Ng4 23. h3 Rd8 24. Nc5 h5 25. f3 Ne3 26. Qe1 Nxf1 27. Qxh4 f6 28.
Kxf1 g5 29. Qxh5 Rd6 30. Qg6+ Kf8 31. Nb7 Rd7 32. e5 Rg7 33. Qxf6+ Rf7 34. Qxg5
Rg7 35. Qd8+ Kf7 36. Qc8 Kg6 37. e6 Re7 38. Re1 Kf5 39. h4 Kg6 40. g4 Kh6 41.
h5 Kg5 42. Qd8 Kf6 43. f4 c5 44. g5+ Kf5 45. Re4 Rh7 46. h6 Kg6 47. e7 Kh5 48.
e8=Q+ Kg4 49. f5+ Kxf5 50. Qf6# 1-0